01559nam a2200325 a 4500001001000000005001700010041000800027044000800035084002000043100005000063245011200113260003200225300002200257500027000279500003900549500011700588500001000705546002400715650005700739650006100796650003900857650005000896700005500946700003401001740005001035902000801085942001101093999001501104952011401119BRCA_338420190320204244.0 aeng aenk a673b.G74c19021 aCervantes Saavedra, Miguel ded1547-1616921310aThe History the Ingenious Gentleman Don Quixote of la ManchacTranslated from the Spanish by P. A. Motteux. aEdinburgobJohn Grantc1902 a4 v.bil.c27 cm. aContenido : v.1. Primera parte. Retrato de Cervantes. Advertencia del editor. Vida de Cervantes por Motteux. Prólogo del autor. -- v.2. Primera parte. Texto. Notas a la primera parte. -- v.3. Segunda parte. Prólogo del autor. -- v.4. Segunda parte. Texto. Notas aEdición : Illustrated by Lalauze aCopia de la traducción de Motteux, editada en Edinburgo, por William Paterson (1879-84). Tela Lúdovik Osterc aQM490 aTexto en : inglés14aNovela españolayÉpoca clásica, 1500-1700921514aLiteratura españolayÉpoca clásica, 1500-1700921614aNovela españolaySiglo XVII921714aDon Quijote (Personaje ficticio)eNovela92181 aMotteux, Peter Anthonyd1663-1718eTraductor989011 aLalauze, A.eIlustrador989020 aEl Ingenioso Hidalgo Don Quijote de la Mancha aQFM 2lcccB c3120d3120 00104070aBRCAbBRCAd2009-04-02iQM490l0o673 .G74 1902 (QM490)p3381r2019-03-22 00:00:00w2019-03-22yB